000 00747nam a2200217Ii 4500
003 JO-AjNU
008 230605s9999||||xx |||||||||||||| ||und||
017 _a2003/8/1816
040 _aJO-AjNU
_bara
_erda
_cJO-AjNU
041 _aara
050 1 4 _aBF713.R4588.2008
100 3 _aالريماوي،محمد عوده ,
_eauthor
_926166
245 0 0 _aعلم نفس النمو:الطفولة والمراهقة
250 _aط2
264 3 1 _aعمان:دار المسيرة للنشر والتوزيع والطباعة ،2008
300 _a336ص
336 _atext
_btxt
_2rdacontent
337 _aunmediated
_bn
_2rdamedia
338 _avolume
_bnc
_2rdacarrier
650 4 _aسيكولوجية النمو-علم النفس التربوي
_926167
999 _aA9880
_c13448
_d13448